Risultati del Napoli in UEFA Champions League 2022-2023 - Statistics

Statistiche generali
  • Questo quiz è stato fatto 105 volte
  • Il punteggio medio è 6 su 10
Statistiche sulle risposte
Hint Risposta % Corretto
Napoli - Liverpool 4-1
78%
Rangers - Napoli 0-3
73%
Napoli - Milan 1-1
71%
Milan - Napoli 1-0
63%
Eintrachrt Francoforte - Napoli 0-2
60%
Ajax - Napoli 1-4
52%
Napoli - Rangers 3-0
48%
Napoli - Eintracht Francoforte 3-0
48%
Napoli - Ajax 4-2
44%
Liverpool - Napoli 2-0
38%
Nessun quiz corrispondente trovato
Distribuzione punteggi
Percentuale di utenti per punteggio
Percentile per numero di risposta
I tuoi punteggi nel tempo
Non hai fatto questo quiz